=LDR 00000nam 2200000 4500 =001 INLIS000000000036911 =005 20150223093523.0 =006 =007 =008 Ind =035 ##$$0010-061300000036911 =041 ##$$a Ind =082 ##$$a 728.3 =090 ##$$a 728.3, Hap d =100 ##$$a Hapsoro, Didid =245 ##$$a 12 desain rumah tropis modern di lahan 100-460 m persegi, Dididd Hapsono =260 ##$$a 2010 $b Yogyakarta =300 ##$$a 55 hlm, ilus, 28 cm =650 ##$$a rumah tinggal-desain dan perencanaan =850 ##$$a NBPNMAT =990 ##$$a 21197210/BPAP-NTB/2014